| 000 | 04222nam a22004697a 4500 | ||
|---|---|---|---|
| 005 | 20110512113951.0 | ||
| 008 | 110512t xxu||||| |||| 00| 0 eng d | ||
| 010 | _aENG-102456 B-447636-652 | ||
| 020 |
_a9788174467270 _c295.00 |
||
| 035 | _aEN-85989 B-447636-652 | ||
| 037 | _bDBAD/PUB | ||
| 037 | _bKK Pub. | ||
| 040 |
_adpl _bEng |
||
| 082 | _a387.7 | ||
| 100 |
_925528 _aRaju G. |
||
| 245 |
_aCivil aviation : _cby Raju G. [and] Mihir Babu G _ba global perspective / |
||
| 260 |
_aNew Delhi _bExcel Books _c2009 |
||
| 270 |
_aA-45, Naraina, Phase-1 _bNew Delhi _e110028 |
||
| 300 |
_ax, 175 p. : _c23cm (pbk) _bill |
||
| 500 | _aIncludes bibliographical references and index | ||
| 700 |
_928039 _aMihir Babu G |
||
| 942 |
_2ddc _cEN _h387.7 _mRAJ |
||
| 999 |
_c52386 _d52386 |
||